Spell the Marvel Hero #148 - Statistics

General Stats
  • This quiz has been taken 15 times
  • The average score is 9 of 12
Answer Stats
Picture Answer % Correct
Nightcrawler
100%
Rogue
100%
Black Panther
91%
Iron Fist
91%
Echo
82%
Thunderbird
82%
Union Jack
82%
Thena
73%
Dagger
64%
Devil Dinosaur
64%
Hope Summers
64%
Rachel Summers
55%
No matching quizzes found
Score Distribution
Percent of People with Each Score
Percentile by Number Answered
Your Score History
You have not taken this quiz